| 000 | 00683nam a22002297a 4500 | ||
|---|---|---|---|
| 005 | 20170124105947.0 | ||
| 010 | _aA-750895 | ||
| 020 |
_c00.00 _a8172231849 |
||
| 035 | _aA-750895 | ||
| 037 | _bCen Lib/Ret | ||
| 040 |
_aDPL _bEN |
||
| 082 |
_a332.632 _bMUR |
||
| 100 |
_aMurthy, R.C. _912591 |
||
| 245 |
_aThe fall of angels / _cby R.C. Murthy |
||
| 260 |
_aNew Delhi _bHarper Collins Publishers _c1995 |
||
| 270 |
_bNew Delhi _a7/16, Ansari Road, Darya Ganj _e110002 |
||
| 300 |
_axix,224p. _c21cm(Hb) |
||
| 500 | _aIncludes index | ||
| 650 |
_aSecurities -- India _912592 |
||
| 650 |
_aSecurities fraud -- India _912593 |
||
| 942 |
_2ddc _cEN _h332.632 _mMUR |
||
| 999 |
_c124984 _d124984 |
||